|
|
|
|
| LEADER |
00000cam a2200000 7i4500 |
| 001 |
0000004189 |
| 005 |
20151222.0 |
| 008 |
070725 |
| 020 |
|
|
|a 9838474800
|
| 090 |
0 |
0 |
|a JF
|b EDU ENG (5201)
|
| 100 |
0 |
|
|a Milon Nandy
|
| 245 |
1 |
0 |
|a Fundamental composition through question & answers
|
| 260 |
|
|
|a Kuala Lumpur :
|b Buku MUST ,
|c 2004
|
| 500 |
|
|
|a Children ages 7-9 years old (orange)
|
| 650 |
|
0 |
|a English fiction
|x Education
|
| 999 |
|
|
|a 0000970944
|b Book
|c Children Collection
|e Cawangan Bandar Tenggara
|
| 999 |
|
|
|a 0000970945
|b Book
|c Children Collection
|e Perbadanan Perpustakaan Awam Johor
|
| 999 |
|
|
|a 0000970946
|b Book
|c Children Collection
|e Perbadanan Perpustakaan Awam Johor
|
| 999 |
|
|
|a 0000970947
|b Book
|c Children Collection
|e Perbadanan Perpustakaan Awam Johor
|
| 999 |
|
|
|a 0000970948
|b Book
|c Children Collection
|e Perbadanan Perpustakaan Awam Johor
|